00414nam a2200157Ia 4500001000500000005001700005008004100022041000800063082001300071100003400084245008500118260000900203300002800212650000800240654000800248793420260306160532.0260306t2015||||xx |||||||||||||| ||spa|| aESP a364bM63 aMiró Linares, FernandoeAUT 0aCrimen, oportunidad y vida diaria:blibro homenaje al profesor Dr. Marcus Felson c2015 a732 páginas :c25 cm. aGEN aCPS